Využitie Petriho sietí pre expertné systémy aplikované vo výrobných a špeciálne v demontážnych procesoch

Gespeichert in:
Bibliographische Detailangaben
1. Verfasser: Huska, Martin (Verfasst von)
Weitere Verfasser: Hrúz, Branislav, 1938- (Betreuung Doktorarbeit)
Format: Manuskript Buch
Sprache:Slowakisch
Veröffentlicht: Bratislava : STU v Bratislave FEI, 2006
Schlagworte:
Tags: Tag hinzufügen
Keine Tags, Fügen Sie das erste Tag hinzu!

MARC

LEADER 00000ntm a22000003a 4500
001 stu137813
005 20160719165024.8
008 070212s2006------------------------slo-d
040 |a STU  |b slo 
041 0 |a slo 
100 1 |a Huska, Martin  |4 aut 
245 1 |a Využitie Petriho sietí pre expertné systémy aplikované vo výrobných a špeciálne v demontážnych procesoch 
260 |a Bratislava :  |b STU v Bratislave FEI,  |c 2006 
300 |a 68 s  |c lit. 
650 7 |a kybernetika  |2 stusub 
650 7 |a Petriho siete  |2 stusub 
650 7 |a výrobné procesy  |2 stusub 
650 7 |a expertné systémy  |2 stusub 
700 1 |a Hrúz, Branislav,  |d 1938-  |4 ths  |u E260  |U FEI Fakulta elektrotechniky a informatiky  |T FEI Katedra automatizovaných systémov riadenia  |X 4969  |U E260  |Y 595  |7 4969